000 00653nam a22002177a 4500
999 _c6391
_d6391
001 9537
003 BD-DhUAP
005 20201230145124.0
008 201230s2007 bg l 000 0 eng
020 _a9843236770
040 _aDLC
_cDLC
_bEng
_dBD-DhUAP
082 _223
_a344.549201 HAL
100 _aHalim, Md. Abdul.
245 1 4 _aThe Bangladesh Labour Code, 2006 :
_bwith English version /
_cMd. Abdul Halim and Masum Saifur Rahman.
250 _a1st ed.
260 _aDhaka :
_bCCB Foundation,
_c2007.
300 _a475 pages ;
_c22 cm.
650 0 _aLabor laws and legislation
_zBangladesh.
700 1 _aRahman, Masum Saifur.
942 _2ddc
_cBK